000 00303nam a22001457a 4500
003 SGT
082 _a303.375
_bP12J
100 _aJOWELT, GARTH S.
245 _aPROPAGANDA & PERSUASION
250 _a5TH
260 _aLONDON
_bSAGE
_c2012
300 _a432
650 _aPSYCHOLOGY
942 _2ddc
_cBK
999 _c10486
_d10486